000 00587nam a2200193Ia 4500
003 GCL
008 140319s9999 xx 000 0 ara d
040 _aGCL /
_cGCL
082 0 4 _a345.05
_bرم
100 1 _aرؤوف عبيد
245 1 0 _aمبادئ الاجراءات الجنائية فى القانون المصرى /
_cرؤوف عبيد
300 _a1096 ص
490 _a
650 0 4 _aالقانون الجنائى
650 0 4 _aالمحاكم الجنائية
650 0 4 _aالقانون العام
650 0 4 _aالاجراءات الجنائية
942 _2ddc
_cBK
999 _c38644
_d38644